| 000 | 00352nam a2200133 4500 | ||
|---|---|---|---|
| 999 |
_c9425 _d9425 |
||
| 003 | OSt | ||
| 005 | 20210416135029.0 | ||
| 008 | 210416b ||||| |||| 00| 0 eng d | ||
| 020 | _a9789881354235 | ||
| 082 | _a712 | ||
| 245 | _aComprehensive examples of landscape classification-2 | ||
| 260 |
_aHong kong _bAirpower international publishing |
||
| 942 | _2ddc | ||